| 000 | 00597nam a2200229Ia 4500 | ||
|---|---|---|---|
| 003 | OSt | ||
| 005 | 20230408133337.0 | ||
| 008 | 210423s2010 xx 000 0 und d | ||
| 020 | _a978-81-315-1706-2 | ||
| 040 | _cAL | ||
| 041 | _aeng | ||
| 082 |
_a332.042 _223 _bMADI |
||
| 100 |
_aMADURA (Jeff) _985133 |
||
| 245 | _aInternational corporate finance Ed 10 | ||
| 250 | _a10 | ||
| 260 |
_aDelhi _bCengage Learning _c2010 |
||
| 300 |
_axxxi,709 _bPB |
||
| 365 |
_b699 _cINR |
||
| 650 |
_aFinancial Economics _985134 |
||
| 906 | _a10 ; corporate ; finance ; International | ||
| 942 |
_2ddc _cBK |
||
| 999 |
_c169494 _d169494 |
||